000 00304 a2200145 4500
001 68802
020 _a8575141031
040 _cAnchieta - Itaigara
240 1 0 _aMédico pra quê?
_lpor
245 1 0 _aMédico pra quê?
300 _a08
362 0 _a2002
650 4 _aLiteratura infantil
942 _cBK
999 _c68802
_d68802